| 000 | 00649nam a2200229Ia 4500 | ||
|---|---|---|---|
| 003 | OSt | ||
| 005 | 20220923223756.0 | ||
| 006 | a|||||r|||| 00| 0 | ||
| 007 | ta | ||
| 008 | Pun | ||
| 024 | _a221,353 | ||
| 037 | _cTextual | ||
| 040 |
_aARTS _cARTS _bPun |
||
| 041 |
_2Pun _aPun |
||
| 082 | _aQ8441:21x, 153P4 | ||
| 100 | _aਗਿੱਲ, ਮਹਿੰਦਰ ਕੈਰ | ||
| 245 | 0 | _aਆਸਾ ਦੀ ਵਾਰ | |
| 260 |
_aਦਿੱਲੀ _b ਆਰਸੀ ਪਬਲੀFਰਗ਼ _c2004 |
||
| 300 |
_a104ਪੰ _ccm. |
||
| 942 |
_hQ8441:21x, 153P4 _cTEXL _2CC |
||
| 999 |
_c367351 _d367351 |
||